| 000 | 00834nam a22002297a 4500 | ||
|---|---|---|---|
| 999 |
_c10690 _d10690 |
||
| 003 | AR-CdUCM | ||
| 008 | 190401b ||||| |||| 00| 0 spa d | ||
| 040 |
_aMUNICIPALIDAD PROVINCIAL DEL CUSCO _cBIBLIOTECA MUNICIPAL DEL CUSCO |
||
| 041 | _heng | ||
| 082 |
_22ed. _a571 / _bH65 / 1931 |
||
| 100 |
_aHoernes, Moritz _927671 |
||
| 245 | _aPrehistoria / | ||
| 260 |
_aBarcelona : _bLabor, _c1931. |
||
| 300 |
_a184 - XVI páginas ; _bIlustraciones, _c18.5 cm. |
||
| 440 |
_aCiencias históricas ; _n115 _927672 |
||
| 505 | _aContenido: t.3. La edad del hierro -- La época de Hallstatt -- La época de la Téne -- La introducción del hierro en las otras partes del mundo. | ||
| 650 |
_aPrehistoria _9685 |
||
| 650 |
_aArqueología _9371 |
||
| 700 |
_aCastillo, Antonio Del (traductor) _927673 |
||
| 942 |
_2ddc _cLIBROS |
||
| 945 | _aacv | ||